Statystyki dla Dawne stolice

Kliknij tutaj aby rozwiązać quiz!

Ogólne statystyki

  • Ten quiz został rozwiązany 3 396 razy
  • Średni wynik to 10 z 23

Statystyki odpowiedzi

LataKrajStolica% Poprawnych
1296-1596PolskaKraków
91%
1712-1918RosjaPetersburg
83%
1300's-1918BawariaMonachium
79%
1453-1923Imperium OsmańskieKonstantynopol
74%
1785-1790Stany ZjednoczoneNowy Jork
72%
1822-1960BrazyliaRio de Janeiro
70%
1949-1990Niemcy ZachodnieBonn
59%
1914-1976NigeriaLagos
47%
1940-1944FrancjaVichy
46%
794-1868JaponiaKioto
40%
1954-1975Wietnam PołudniowySajgon
38%
1569-1860Wielkie Księstwo ToskaniiFlorencja
37%
1815-1982Sri LankaKolombo
36%
1993-1998KazachstanAłmaty
35%
1790-1800Stany ZjednoczoneFiladelfia
31%
1928-1937ChinyNankin
24%
1200's-1533Państwo InkówCuzco
23%
1948-2005Birma (Mjanma)Rangun
20%
2950-2180 p.n.e.EgiptMemfis
18%
515-331 p.n.e.PersjaPersepolis
16%
1861-1865Skonfederowane Stany
Ameryki
Richmond
15%
802-1431Państwo KhmerówAngkor
11%
1504-1653Wielcy MogołowieAgra
8%

Rozkład punktacji

Percentyl według liczby udzielonych odpowiedzi

Procent ludzi z każdym wynikiem

Twoja historia wyników

Nie rozwiązałeś tego quizu